Every minigame in PvZ 1 - Statistics

General Stats
  • This quiz has been taken 8 times
  • The average score is 18 of 30
Answer Stats
Answer % Correct
beghouled
86%
column like you see 'em
86%
invisi-ghoul
86%
wall-nut bowling
86%
wall-nut bowling 2
86%
zombotany
86%
zombotany 2
86%
beghouled twist
71%
big trouble little zombie
71%
I, zombie
71%
last stand
71%
pogo party
71%
zombie nimble zombie quick
71%
air raid
57%
dr zomboss's revenge
57%
heavy weapon
57%
portal combat
57%
seeing stars
57%
Survival
57%
vasebreaker
57%
whack a zombie
57%
bobsled bonanza
43%
it's raining seeds
43%
slot machine
43%
zombiquarium
43%
buttered popcorn
29%
homerun derby
29%
BOMB all together
14%
heat wave
14%
zombie trap
14%
No matching quizzes found
Score Distribution
Percent of People with Each Score
Percentile by Number Answered
Your Score History
You have not taken this quiz